000
00299nam a22001337a 4500
020
_a
978-93-86021-10-6
082
_a
200
_b
THA/W
100
_a
THAROOR, SHASHI
245
_a
WHY I AM A HINDU
260
_a
DELHI
_b
ALEPH BOOK COMPANY
_c
2018
300
_a
302
650
_a
SPIRITUAL
_z
INDIA
942
_c
BK
999
_c
4990
_d
4990